| 000 | 01689 a2200217 4500 | ||
|---|---|---|---|
| 001 | 26992 | ||
| 005 | 20260407155547.0 | ||
| 008 | 260407a1974 arg spa d | ||
| 003 | AR-UNSa-BCEJYS | ||
| 040 |
_aAR-UNSa-BCEJYS _bspa _cAR-UNSa-BCEJYS |
||
| 080 |
_a347.736 _xQuiebra. Insolvencia. Suspensión de pagos. Bancarrota, procedimientos. Derecho Concursal |
||
| 245 | 1 | 0 |
_aConcursos _pLey 19551, comentada y anotada, sus reformas y leyes complementarias |
| 264 | 1 |
_aBuenos Aires : _bAbeledo Perrot _c1974 |
|
| 300 |
_a726 p. _c23 cm. |
||
| 505 | _aParte I: De los concursos comerciales: 1. Principios generales - Parte II: Concurso preventivo: 1. Requisistos - 2. Apertura - 3. Tramite hasta la junta - 4. Contenido y votación del acuerdo preventivo - 5. Impugnación,homologación, cumplimiento y nuludad del acuerdo - 6. Disposiciones particulares para el acuerdo por cesión de bienes - Parte III: Quiebra: 1. Declaración - 2. Efectos de la quiebra - 3. Extensión de la quiebra y responsabilidad de terceros - 4. Incautación, conservación y administración de los bienes - 5. Periodo informativo de la quiebra - 6. Liquidación y distribución - 7. Conclusión de la quiebra - 8. Clausura del procedimiento - 9. Calificación de conducta del fallido y de terceros - 10. Rehabilitación - Parte IV: Concurso en caso de liquidación administrativa - Parte V: Disposiciones Comunes: 1. Privilegios - 2. Funcionarios y empleados de lso concursos - 3. Reglas procesales - Parte V: Disposiciones complementarias y transitorias. | ||
| 942 | _cBK | ||
| 590 | _aniveau_biblio:m niveau_hierar:0 | ||
| 100 | 1 | _aSajon, Jaime V. | |
| 650 | _aLey Nº 19.551 | ||
| 650 | _a ley nº 19 551 | ||
| 999 |
_c1528 _d1528 |
||